[Event "Titled Tuesday intern op 13th Feb Early"]
[Site "Chess.com INT"]
[Date "2024.02.13"]
[Round "6"]
[White "Gascon del Nogal, Jose Rafael"]
[Black "Jocev, Milan"]
[Result "0-1"]
[WhiteElo "2475"]
[BlackElo "2303"]
[PlyCount "66"]
[EventDate "2024.02.13"]
[EventType "swiss (blitz)"]
[EventRounds "11"]
[EventCountry "USA"]
[SourceTitle "CB08_2024"]
[SourceDate "2024.02.21"]
[SourceVersion "1"]
[SourceVersionDate "2024.02.21"]
[SourceQuality "1"]

1. e4 c6 2. d4 d5 3. exd5 cxd5 4. Bd3 Nc6 5. c3 Nf6 6. Bf4 Bg4 7. Qb3 Qc8 8. Nd2 e6 9. Ngf3 Be7 10. 0-0 0-0 11. Rae1 Bh5 12. Ne5 Nxe5 13. Bxe5 Bg6 14. Bxg6 hxg6 15. Nf3 Ne4 16. h4 Qc6 17. Bf4 Bd6 18. Bxd6 Qxd6 19. Qd1 Qf4 20. g3 Qf5 21. Kg2 f6 22. Rh1 g5 23. hxg5 fxg5 24. Ref1 g4 25. Ne5 Nxf2 26. Qe2 Qe4+ 27. Qxe4 Nxe4 28. Rh8+ Kxh8 29. Ng6+ Kh7 30. Nxf8+ Kg8 31. Nxe6 Nd2 32. Rf5 Nc4 33. Rxd5 Ne3+ 0-1

[Event "Titled Tuesday intern op 13th Feb Early"]
[Site "Chess.com INT"]
[Date "2024.02.13"]
[Round "2"]
[White "Gascon del Nogal, Jose Rafael"]
[Black "Preobrazhenskaya, Diana"]
[Result "1-0"]
[WhiteElo "2475"]
[BlackElo "1859"]
[PlyCount "65"]
[EventDate "2024.02.13"]
[EventType "swiss (blitz)"]
[EventRounds "11"]
[EventCountry "USA"]
[SourceTitle "CB08_2024"]
[SourceDate "2024.02.21"]
[SourceVersion "1"]
[SourceVersionDate "2024.02.21"]
[SourceQuality "1"]

1. e4 c5 2. Nf3 d6 3. d4 cxd4 4. Nxd4 Nf6 5. Nc3 a6 6. Bd3 e5 7. Nde2 Be7 8. 0-0 0-0 9. Ng3 Be6 10. Nd5 Nxd5 11. exd5 Bxd5 12. Bxh7+ Kxh7 13. Qxd5 Qc7 14. Nf5 Nc6 15. Rd1 g6 16. Ne3 Rac8 17. c3 Qd7 18. Qf3 Qe6 19. Nd5 Kg7 20. g3 f5 21. h4 Rh8 22. Nxe7 Qxe7 23. Bg5 Qe6 24. Qd5 Qxd5 25. Rxd5 e4 26. Rxd6 Kf7 27. Rd7+ Ke6 28. Rad1 f4 29. R1d6+ Kf5 30. Kh2 fxg3+ 31. fxg3 Kg4 32. Rf6 Rce8 33. Rf4+ 1-0

[Event "Chessable Masters Play In"]
[Site "Chess.com INT"]
[Date "2024.01.31"]
[Round "6"]
[White "Gharibyan, Mamikon"]
[Black "Gascon del Nogal, Jose Rafael"]
[Result "1-0"]
[WhiteElo "2504"]
[BlackElo "2475"]
[PlyCount "41"]
[EventDate "2024.01.31"]
[EventType "swiss (rapid)"]
[EventRounds "9"]
[EventCountry "USA"]
[SourceTitle "CB06_2024"]
[SourceDate "2024.02.07"]
[SourceVersion "1"]
[SourceVersionDate "2024.02.07"]
[SourceQuality "1"]

1. d4 Nf6 2. c4 e6 3. Nf3 b6 4. g3 Bb7 5. Bg2 Be7 6. 0-0 0-0 7. Re1 c5 8. d5 exd5 9. Nh4 Na6 10. cxd5 d6 11. Nf5 Re8 12. Nxe7+ Qxe7 13. Nc3 Nd7 14. Nb5 Nf6 15. Bf4 Red8 16. e4 Nc7 17. Bxd6 Rxd6 18. Nxd6 Qxd6 19. e5 Qd8 20. exf6 Nb5 21. Re7 1-0

[Event "Chessable Masters Play In"]
[Site "Chess.com INT"]
[Date "2024.01.31"]
[Round "3"]
[White "Petrov, Nikita"]
[Black "Gascon del Nogal, Jose Rafael"]
[Result "1-0"]
[WhiteElo "2563"]
[BlackElo "2475"]
[PlyCount "51"]
[EventDate "2024.01.31"]
[EventType "swiss (rapid)"]
[EventRounds "9"]
[EventCountry "USA"]
[SourceTitle "CB06_2024"]
[SourceDate "2024.02.07"]
[SourceVersion "1"]
[SourceVersionDate "2024.02.07"]
[SourceQuality "1"]

1. d4 Nf6 2. Bg5 d5 3. Nd2 c5 4. dxc5 Na6 5. Bxf6 gxf6 6. e4 Nxc5 7. exd5 Qxd5 8. Ngf3 Bd7 9. Bc4 Qc6 10. Qe2 b5 11. Bb3 e6 12. c3 Nxb3 13. axb3 Rg8 14. Ne4 Be7 15. Ng3 a6 16. 0-0 Qb7 17. Nd4 Bc5 18. Rad1 Kf8 19. Qe3 Ke8 20. Ne4 Be7 21. Nf5 Rxg2+ 22. Kh1 Bc6 23. Nfd6+ Bxd6 24. Nxd6+ Ke7 25. f3 Bxf3 26. Rxf3 1-0

[Event "Chessable Masters Play In"]
[Site "Chess.com INT"]
[Date "2024.01.31"]
[Round "1"]
[White "Yoo, Christopher Woojin"]
[Black "Gascon del Nogal, Jose Rafael"]
[Result "1-0"]
[WhiteElo "2595"]
[BlackElo "2475"]
[PlyCount "89"]
[EventDate "2024.01.31"]
[EventType "swiss (rapid)"]
[EventRounds "9"]
[EventCountry "USA"]
[SourceTitle "CB06_2024"]
[SourceDate "2024.02.07"]
[SourceVersion "1"]
[SourceVersionDate "2024.02.07"]
[SourceQuality "1"]

1. d4 Nf6 2. Nf3 e6 3. c4 b6 4. g3 Bb7 5. Bg2 Be7 6. 0-0 0-0 7. Bf4 d6 8. Qc2 Be4 9. Qc1 Bb7 10. Qc2 Be4 11. Qd1 Bb7 12. Nc3 Ne4 13. Rc1 Nd7 14. Nxe4 Bxe4 15. b4 a5 16. b5 Bf6 17. Re1 a4 18. h4 a3 19. Ng5 Bxg2 20. Kxg2 h6 21. Nf3 Re8 22. e4 e5 23. Be3 exd4 24. Bxd4 Nc5 25. Bxc5 bxc5 26. Qd5 Bb2 27. Rcd1 Qe7 28. Qc6 Qe6 29. Rd5 Qc8 30. e5 dxe5 31. Rxc5 Qf5 32. Qxc7 Rac8 33. Qb6 Rxc5 34. Qxc5 Rc8 35. Qd5 Qc2 36. b6 Rb8 37. c5 Bd4 38. Nxd4 exd4 39. Qxd4 Qxa2 40. c6 Qc2 41. c7 Qc6+ 42. Kh2 Rxb6 43. Qxb6 Qxb6 44. c8Q+ Kh7 45. Qf5+ 1-0

[Event "Titled Tuesday intern op 05th Sep Early"]
[Site "Chess.com INT"]
[Date "2023.09.05"]
[Round "2"]
[White "Gascon del Nogal, Jose Rafael"]
[Black "Nihal, Sarin"]
[Result "1-0"]
[WhiteElo "2475"]
[BlackElo "2694"]
[PlyCount "111"]
[EventDate "2023.09.05"]
[EventType "swiss (blitz)"]
[EventRounds "11"]
[EventCountry "USA"]
[SourceTitle "EXT 2024"]
[Source "ChessBase"]
[SourceDate "2023.10.10"]
[SourceVersion "1"]
[SourceVersionDate "2023.10.10"]
[SourceQuality "1"]

1. Nf3 d5 2. g3 c5 3. Bg2 Nf6 4. 0-0 g6 5. c4 Bg7 6. cxd5 Nxd5 7. Nc3 0-0 8. d3 Nc6 9. Bd2 b6 10. Nxd5 Qxd5 11. Bc3 Bb7 12. Ne5 Qe6 13. Nxc6 Bxc6 14. Bxc6 Qxc6 15. Rc1 Rfd8 16. b4 Bxc3 17. Rxc3 Qf6 18. Qb3 cxb4 19. Qxb4 Rd4 20. Qb3 Rad8 21. Rfc1 Kg7 22. Rc7 R8d7 23. Qb5 Qe6 24. Rxd7 Rxd7 25. a4 h5 26. h4 f6 27. a5 Rd5 28. Qb3 bxa5 29. Rc5 Rd6 30. Qxe6 Rxe6 31. Rxa5 a6 32. Kf1 Kf7 33. e4 Rb6 34. Ke2 Ke6 35. f4 Kd7 36. Kf3 Kc7 37. g4 hxg4+ 38. Kxg4 Rd6 39. f5 gxf5+ 40. Kxf5 Kb6 41. Ra3 Kb5 42. h5 Kb4 43. Ra1 a5 44. h6 Rxd3 45. Rh1 Rd8 46. Ke6 a4 47. Kxe7 Ra8 48. h7 Rh8 49. Kxf6 a3 50. Kg7 Re8 51. h8Q Rxe4 52. Qb8+ Kc4 53. Rc1+ Kd4 54. Qb4+ Ke5 55. Rc5+ Kf4 56. Rc4 1-0

[Event "Titled Tuesday intern op 29th Aug Early"]
[Site "Chess.com INT"]
[Date "2023.08.29"]
[Round "7"]
[White "Baziuk, Vladyslav"]
[Black "Gascon del Nogal, Jose Rafael"]
[Result "1-0"]
[WhiteElo "2211"]
[BlackElo "2468"]
[PlyCount "119"]
[EventDate "2023.08.29"]
[EventType "swiss (blitz)"]
[EventRounds "11"]
[EventCountry "USA"]
[SourceTitle "EXT 2024"]
[Source "ChessBase"]
[SourceDate "2023.10.10"]
[SourceVersion "1"]
[SourceVersionDate "2023.10.10"]
[SourceQuality "1"]

1. e4 e5 2. Nf3 Nc6 3. d4 exd4 4. Nxd4 d6 5. Nc3 g6 6. Be3 Bg7 7. Qd2 Nf6 8. f3 0-0 9. 0-0-0 Be6 10. g4 Nd7 11. h4 Nde5 12. Be2 Nxd4 13. Bxd4 b5 14. h5 b4 15. Nd5 c5 16. Be3 Bxd5 17. Qxd5 Qa5 18. f4 Nd7 19. hxg6 hxg6 20. Bc4 Nb6 21. Qd3 Nxc4 22. Qxc4 b3 23. axb3 d5 24. Qa4 Qc7 25. Rxd5 Rfe8 26. e5 Rab8 27. Rhd1 g5 28. Qc4 Rb4 29. Qxc5 Qxc5 30. Bxc5 Rxf4 31. Bxa7 Bxe5 32. Bd4 f6 33. Bxe5 fxe5 34. Re1 Rxg4 35. Rexe5 Rxe5 36. Rxe5 Kf7 37. c4 Kf6 38. Re8 Rf4 39. Rg8 g4 40. Kc2 Ke6 41. Kc3 Kd6 42. Kb4 Kc6 43. Rg6+ Kc7 44. Kb5 Rf2 45. Rxg4 Rxb2 46. b4 Rf2 47. c5 Rf7 48. Rg6 Rh7 49. Ra6 Kb7 50. c6+ Kb8 51. Kb6 Rh4 52. b5 Rh7 53. Ra1 Rb7+ 54. Kc5 Rh7 55. Rf1 Rh5+ 56. Kb6 Rh8 57. Rf7 Rc8 58. Rb7+ Ka8 59. Ra7+ Kb8 60. c7+ 1-0

[Event "Titled Tuesday intern op 29th Aug Early"]
[Site "Chess.com INT"]
[Date "2023.08.29"]
[Round "11"]
[White "Gascon del Nogal, Jose Rafael"]
[Black "Khalikov, Bulat"]
[Result "1-0"]
[WhiteElo "2468"]
[BlackElo "2171"]
[PlyCount "69"]
[EventDate "2023.08.29"]
[EventType "swiss (blitz)"]
[EventRounds "11"]
[EventCountry "USA"]
[SourceTitle "EXT 2024"]
[Source "ChessBase"]
[SourceDate "2023.10.10"]
[SourceVersion "1"]
[SourceVersionDate "2023.10.10"]
[SourceQuality "1"]

1. Nf3 Nf6 2. g3 d5 3. Bg2 Bg4 4. 0-0 Bxf3 5. exf3 e6 6. d4 Be7 7. f4 0-0 8. c3 c5 9. dxc5 Bxc5 10. Nd2 Nc6 11. Nb3 Bb6 12. Re1 Qd7 13. a4 a5 14. Nd2 d4 15. Nc4 Bc5 16. Ne5 Nxe5 17. fxe5 Ne8 18. Be3 Nc7 19. Bxd4 Be7 20. Be3 Qc8 21. Qb3 Rb8 22. Ba7 b6 23. Bxb8 Qxb8 24. Qc4 Rc8 25. Rad1 Bc5 26. b4 axb4 27. cxb4 Bf8 28. Rc1 Be7 29. Red1 Rd8 30. Rxd8+ Bxd8 31. Qc6 g6 32. Qb7 Qxb7 33. Bxb7 Kf8 34. Rd1 Ke7 35. Bc6 1-0

[Event "Titled Tuesday intern op 29th Aug Early"]
[Site "Chess.com INT"]
[Date "2023.08.29"]
[Round "6"]
[White "Gascon del Nogal, Jose Rafael"]
[Black "Mekhitarian, Krikor Sevag"]
[Result "0-1"]
[WhiteElo "2468"]
[BlackElo "2540"]
[PlyCount "60"]
[EventDate "2023.08.29"]
[EventType "swiss (blitz)"]
[EventRounds "11"]
[EventCountry "USA"]
[SourceTitle "EXT 2024"]
[Source "ChessBase"]
[SourceDate "2023.10.10"]
[SourceVersion "1"]
[SourceVersionDate "2023.10.10"]
[SourceQuality "1"]

1. Nf3 d5 2. g3 Nc6 3. d4 Bf5 4. Bg2 Nb4 5. 0-0 Bxc2 6. Qd2 e6 7. a3 Bxb1 8. Rxb1 Nc6 9. b4 a6 10. a4 Nf6 11. b5 axb5 12. axb5 Na5 13. Ne5 Bd6 14. Qc2 0-0 15. Bg5 h6 16. Bf4 Nd7 17. Rfc1 Bxe5 18. dxe5 Nc4 19. Qc3 c6 20. e4 Qa5 21. Qd4 Qa7 22. Rxc4 dxc4 23. Qxd7 Rfd8 24. Qe7 cxb5 25. Bf1 c3 26. Qb4 Rac8 27. Rc1 Qd4 28. Qb3 b4 29. Be3 Qxe4 30. Bg2 Qc4 0-1

[Event "ESP-chT CECLUB Div2"]
[Site "Linares"]
[Date "2023.08.16"]
[Round "5.2"]
[White "Gascon del Nogal, Jose Rafael"]
[Black "Lopez Martinez, Josep Manuel"]
[Result "1/2-1/2"]
[WhiteElo "2468"]
[BlackElo "2458"]
[PlyCount "100"]
[EventDate "2023.08.13"]
[EventType "team-swiss"]
[EventRounds "7"]
[EventCountry "ESP"]
[SourceTitle "EXT 2024"]
[Source "ChessBase"]
[SourceDate "2023.10.10"]
[SourceVersion "1"]
[SourceVersionDate "2023.10.10"]
[SourceQuality "1"]
[WhiteTeam "Manises Eva"]
[BlackTeam "Granada Aimpulsa"]
[WhiteTeamCountry "ESP"]
[BlackTeamCountry "ESP"]

1. Nf3 d5 2. g3 g6 3. c4 dxc4 4. Na3 Bg7 5. Nxc4 Nc6 6. Bg2 e5 7. 0-0 Nge7 8. d3 a5 9. Bd2 0-0 10. Bc3 f6 11. b3 Be6 12. Rc1 Qd7 13. a3 Rfd8 14. Bb2 Rac8 15. Qc2 b6 16. d4 exd4 17. Rfd1 Bf5 18. Qd2 Be4 19. Nfe5 Qf5 20. Nxc6 Bxc6 21. e4 Qe6 22. Bxd4 f5 23. Qe3 Bxd4 24. Rxd4 Rxd4 25. Qxd4 fxe4 26. Ne5 Nf5 27. Qb2 Bb7 28. Ng4 h5 29. Nf6+ Kf7 30. Nh7 Qe7 31. h4 Rd8 32. Re1 Rd4 33. Qb1 Nd6 34. Ng5+ Ke8 35. Nf3 Rd5 36. Ng5 Kd8 37. Bh3 Bc8 38. Bg2 Bf5 39. Qa2 Qe5 40. b4 Kc8 41. Nf3 Qc3 42. Qxd5 exf3 43. Re7 Kd8 44. Rh7 Qe1+ 45. Bf1 Bh3 46. Qa8+ Nc8 47. Qd5+ Nd6 48. Qa8+ Nc8 49. Qxf3 Qxf1+ 50. Kh2 Bf5 1/2-1/2

[Event "ESP-chT CECLUB Div2"]
[Site "Linares"]
[Date "2023.08.15"]
[Round "4.2"]
[White "Gascon del Nogal, Jose Rafael"]
[Black "Mareco, Sandro"]
[Result "1-0"]
[WhiteElo "2468"]
[BlackElo "2614"]
[PlyCount "45"]
[EventDate "2023.08.13"]
[EventType "team-swiss"]
[EventRounds "7"]
[EventCountry "ESP"]
[SourceTitle "EXT 2024"]
[Source "ChessBase"]
[SourceDate "2023.10.10"]
[SourceVersion "1"]
[SourceVersionDate "2023.10.10"]
[SourceQuality "1"]
[WhiteTeam "Manises Eva"]
[BlackTeam "Filantropos Equigoma"]
[WhiteTeamCountry "ESP"]
[BlackTeamCountry "ESP"]

1. Nf3 d5 2. g3 Nf6 3. Bg2 e6 4. c4 Be7 5. 0-0 0-0 6. b3 d4 7. e3 c5 8. exd4 cxd4 9. Ne5 Nbd7 10. Nxd7 Nxd7 11. Re1 Re8 12. d3 e5 13. Ba3 Bxa3 14. Nxa3 a5 15. c5 Nxc5 16. Rc1 Na6 17. Nc4 Nb4 18. Qd2 Ra6 19. Rxe5 Rxe5 20. Nxe5 Re6 21. Bh3 f6 22. a3 Na6 23. Qxa5 1-0

[Event "Titled Tuesday intern op 18th Jul Late"]
[Site "Chess.com INT"]
[Date "2023.07.18"]
[Round "10"]
[White "Gadimbayli, Abdulla Azar"]
[Black "Gascon del Nogal, Jose Rafael"]
[Result "1-0"]
[WhiteElo "2483"]
[BlackElo "2468"]
[PlyCount "55"]
[EventDate "2023.07.18"]
[EventType "swiss (blitz)"]
[EventRounds "11"]
[EventCountry "USA"]
[SourceTitle "EXT 2024"]
[Source "ChessBase"]
[SourceDate "2023.10.10"]
[SourceVersion "1"]
[SourceVersionDate "2023.10.10"]
[SourceQuality "1"]

1. Nf3 c5 2. e4 d6 3. d4 cxd4 4. Nxd4 Nf6 5. Nc3 Nc6 6. Bb5 Bd7 7. Bg5 Nxd4 8. Bxd7+ Qxd7 9. Qxd4 e6 10. Bxf6 gxf6 11. Qxf6 Rg8 12. 0-0 Rc8 13. Rad1 Bg7 14. Qh4 Be5 15. Rd3 Qe7 16. Qh3 Qg5 17. f4 Bxf4 18. Rdf3 Be5 19. Rxf7 Qg6 20. R7f6 Bxf6 21. Qxe6+ Kd8 22. Qxd6+ Ke8 23. Qe6+ Kd8 24. Rd1+ Bd4+ 25. Rxd4+ Kc7 26. Qe5+ Kc6 27. Qb5+ Kc7 28. Rd7+ 1-0

[Event "Titled Tuesday intern op 18th Jul Late"]
[Site "Chess.com INT"]
[Date "2023.07.18"]
[Round "5"]
[White "Gascon del Nogal, Jose Rafael"]
[Black "Herman, Daniel"]
[Result "1-0"]
[WhiteElo "2468"]
[BlackElo "1928"]
[PlyCount "81"]
[EventDate "2023.07.18"]
[EventType "swiss (blitz)"]
[EventRounds "11"]
[EventCountry "USA"]
[SourceTitle "EXT 2024"]
[Source "ChessBase"]
[SourceDate "2023.10.10"]
[SourceVersion "1"]
[SourceVersionDate "2023.10.10"]
[SourceQuality "1"]

1. d4 Nf6 2. Nf3 b6 3. g3 Bb7 4. Bg2 e6 5. 0-0 Be7 6. c4 0-0 7. d5 exd5 8. Nh4 Na6 9. Nf5 Nc5 10. cxd5 Nfe4 11. Bxe4 Nxe4 12. Qd4 Nf6 13. Bg5 Bc5 14. Qd1 h6 15. Bh4 g5 16. Nxh6+ Kg7 17. Bxg5 Qe8 18. Nf5+ Kg6 19. Bxf6 Kxf6 20. Ne3 Kg6 21. Nc3 Bxe3 22. fxe3 Qxe3+ 23. Rf2 Rae8 24. Qa4 f5 25. Qf4 Qxf4 26. Rxf4 Re3 27. Raf1 d6 28. Kf2 Re5 29. e4 Rfe8 30. Rxf5 Rxf5+ 31. exf5+ Kxf5 32. Re1 Rf8 33. Re7 Kg4+ 34. Kg2 Ba6 35. Rg7+ Kh5 36. Ne4 Bf1+ 37. Kg1 Bh3 38. Rh7+ Kg4 39. Nf2+ Kf3 40. Rxh3 Ke2 41. Rh7 1-0

[Event "Titled Tuesday intern op 18th Jul Late"]
[Site "Chess.com INT"]
[Date "2023.07.18"]
[Round "4"]
[White "Sjugirov, Sanan"]
[Black "Gascon del Nogal, Jose Rafael"]
[Result "1-0"]
[WhiteElo "2699"]
[BlackElo "2468"]
[PlyCount "81"]
[EventDate "2023.07.18"]
[EventType "swiss (blitz)"]
[EventRounds "11"]
[EventCountry "USA"]
[SourceTitle "EXT 2024"]
[Source "ChessBase"]
[SourceDate "2023.10.10"]
[SourceVersion "1"]
[SourceVersionDate "2023.10.10"]
[SourceQuality "1"]

1. e4 c5 2. Nf3 d6 3. Bb5+ Bd7 4. c4 Nf6 5. Nc3 g6 6. 0-0 Bg7 7. Bxd7+ Nbxd7 8. d3 0-0 9. h3 Ne8 10. Be3 Ne5 11. Ne1 Nc6 12. f4 f5 13. Nf3 e6 14. d4 fxe4 15. Nxe4 cxd4 16. Nxd4 Bxd4 17. Bxd4 d5 18. Ng5 dxc4 19. Bc3 Qxd1 20. Raxd1 h6 21. Nxe6 Rf7 22. Rfe1 Re7 23. Nc5 Rxe1+ 24. Rxe1 b5 25. Re6 Rc8 26. Rxg6+ Kh7 27. Re6 b4 28. Be1 Nd4 29. Re7+ Kg6 30. Ne6 Nf5 31. Rxa7 c3 32. bxc3 bxc3 33. g4 c2 34. gxf5+ Kxf5 35. Nd4+ Kxf4 36. Bd2+ Ke4 37. Nb3 Nd6 38. Re7+ Kd3 39. Re3+ Kc4 40. Rc3+ Kb4 41. Rxc8+ 1-0

[Event "Titled Tuesday intern op 20th Jun Late"]
[Site "Chess.com INT"]
[Date "2023.06.20"]
[Round "4"]
[White "Kramnik, Vladimir"]
[Black "Gascon del Nogal, Jose Rafael"]
[Result "1-0"]
[WhiteElo "2753"]
[BlackElo "2468"]
[PlyCount "75"]
[EventDate "2023.06.20"]
[EventType "swiss (blitz)"]
[EventRounds "11"]
[EventCountry "USA"]
[SourceTitle "EXT 2024"]
[Source "ChessBase"]
[SourceDate "2023.10.10"]
[SourceVersion "1"]
[SourceVersionDate "2023.10.10"]
[SourceQuality "1"]

1. e4 e5 2. Nf3 Nc6 3. g3 Nf6 4. d3 d5 5. exd5 Nxd5 6. Bg2 Be7 7. 0-0 0-0 8. Re1 f6 9. c3 Nb6 10. d4 exd4 11. Nxd4 Nxd4 12. cxd4 c6 13. Nc3 Kh8 14. Qb3 Bd6 15. Be3 Bf5 16. a4 Rb8 17. a5 Nd7 18. h3 a6 19. Red1 Re8 20. d5 c5 21. Ne2 b5 22. axb6 Rxb6 23. Qa3 Qb8 24. Nf4 Rxb2 25. Re1 Rb6 26. Bd2 Rxe1+ 27. Rxe1 Ne5 28. Bc3 Qc8 29. Qa4 h6 30. Ne6 Bxe6 31. dxe6 Qxe6 32. f4 Qd7 33. Qxd7 Nxd7 34. Re8+ Kh7 35. Be4+ g6 36. Rd8 Nf8 37. Bxf6 Bc7 38. Rxf8 1-0

[Event "Titled Tuesday intern op 28th Feb Late"]
[Site "Chess.com INT"]
[Date "2023.02.28"]
[Round "6"]
[White "Gascon del Nogal, Jose Rafael"]
[Black "Yano, William Jorge Froes"]
[Result "1-0"]
[WhiteElo "2460"]
[BlackElo "2045"]
[PlyCount "53"]
[EventDate "2023.02.28"]
[EventType "swiss (blitz)"]
[EventRounds "11"]
[EventCountry "USA"]
[SourceTitle "CBM 213 Extra"]
[Source "ChessBase"]
[SourceDate "2023.05.31"]
[SourceVersion "1"]
[SourceVersionDate "2023.05.31"]
[SourceQuality "1"]

1. Nf3 Nf6 2. c4 g6 3. b3 Bg7 4. Bb2 0-0 5. g3 c5 6. Bg2 Nc6 7. 0-0 d6 8. Nc3 Bg4 9. d3 Qd7 10. Qd2 Bh3 11. Nd5 Bxg2 12. Kxg2 Nxd5 13. cxd5 Bxb2 14. dxc6 Qxc6 15. Qxb2 b5 16. b4 a5 17. bxc5 Qxc5 18. Rac1 Qb6 19. h4 b4 20. h5 gxh5 21. Rh1 Qb5 22. Nd4 Qd5+ 23. e4 Qg5 24. Nf5 e5 25. f4 exf4 26. Rxh5 Qg4 27. Nh6# 1-0

[Event "Titled Tuesday intern op 28th Feb Late"]
[Site "Chess.com INT"]
[Date "2023.02.28"]
[Round "10"]
[White "Mortazavi, Ali"]
[Black "Gascon del Nogal, Jose Rafael"]
[Result "1-0"]
[WhiteElo "2333"]
[BlackElo "2460"]
[PlyCount "51"]
[EventDate "2023.02.28"]
[EventType "swiss (blitz)"]
[EventRounds "11"]
[EventCountry "USA"]
[SourceTitle "CBM 213 Extra"]
[Source "ChessBase"]
[SourceDate "2023.05.31"]
[SourceVersion "1"]
[SourceVersionDate "2023.05.31"]
[SourceQuality "1"]

1. e4 c5 2. Nc3 Nc6 3. f4 e6 4. Nf3 d5 5. Bb5 Nge7 6. exd5 exd5 7. Qe2 f6 8. d4 Kf7 9. dxc5 Nf5 10. Nxd5 Ncd4 11. Nxd4 Nxd4 12. Qc4 Nxb5 13. Nc7+ Kg6 14. Nxb5 Bf5 15. g4 Qe7+ 16. Kf1 Bxg4 17. f5+ Kh5 18. h3 Bf3 19. Bg5 fxg5 20. Re1 Qxc5 21. Qf7+ Kh4 22. Rg1 Qxb5+ 23. c4 Qxb2 24. Re4+ Bxe4 25. Rg4+ Kxh3 26. Qh5# 1-0

[Event "Titled Tuesday intern op 21st Feb Late"]
[Site "Chess.com INT"]
[Date "2023.02.21"]
[Round "5"]
[White "Gascon del Nogal, Jose Rafael"]
[Black "Sanal, Vahap"]
[Result "0-1"]
[WhiteElo "2460"]
[BlackElo "2590"]
[PlyCount "80"]
[EventDate "2023.02.21"]
[EventType "swiss (blitz)"]
[EventRounds "11"]
[EventCountry "USA"]
[SourceTitle "CBM 212 Extra"]
[Source "ChessBase"]
[SourceDate "2023.03.31"]
[SourceVersion "1"]
[SourceVersionDate "2023.03.31"]
[SourceQuality "1"]

1. e4 c5 2. Nf3 d6 3. Bb5+ Nd7 4. a4 Ngf6 5. Nc3 g6 6. a5 a6 7. Bc4 e6 8. d4 cxd4 9. Qxd4 Qc7 10. 0-0 Bg7 11. Rd1 0-0 12. Bf1 d5 13. exd5 Nxd5 14. Nxd5 exd5 15. Qxd5 Qxc2 16. Bf4 Nf6 17. Qc4 Qxc4 18. Bxc4 Bg4 19. Rac1 Nh5 20. Bd6 Rfd8 21. Ba3 Nf4 22. Bf1 h6 23. Rxd8+ Rxd8 24. h3 Nxh3+ 25. gxh3 Bxf3 26. Bg2 Bxg2 27. Kxg2 Rd5 28. Rc8+ Kh7 29. Rc7 Rg5+ 30. Kf1 Rxa5 31. Rxf7 Rf5 32. Rxb7 g5 33. Rb6 a5 34. Ra6 Bd4 35. Ke2 Rxf2+ 36. Kd3 Bxb2 37. Bxb2 Rxb2 38. Ra7+ Kg6 39. Ke4 Rh2 40. Ra6+ Kh5 0-1

[Event "Titled Tuesday intern op 21st Feb Late"]
[Site "Chess.com INT"]
[Date "2023.02.21"]
[Round "1"]
[White "Saypuri, Srithan"]
[Black "Gascon del Nogal, Jose Rafael"]
[Result "0-1"]
[WhiteElo "2175"]
[BlackElo "2460"]
[PlyCount "30"]
[EventDate "2023.02.21"]
[EventType "swiss (blitz)"]
[EventRounds "11"]
[EventCountry "USA"]
[SourceTitle "CBM 212 Extra"]
[Source "ChessBase"]
[SourceDate "2023.03.31"]
[SourceVersion "1"]
[SourceVersionDate "2023.03.31"]
[SourceQuality "1"]

1. e4 c5 2. Nf3 d6 3. d4 cxd4 4. Nxd4 Nf6 5. Bb5+ Bd7 6. Bxd7+ Nbxd7 7. Nc3 g6 8. 0-0 Bg7 9. Be3 0-0 10. f3 Rc8 11. Qd2 Ne5 12. Qe2 Nc4 13. Rab1 Nxe3 14. Qxe3 Qb6 15. Rfe1 Ng4 0-1

[Event "Titled Tuesday intern op 21st Feb Late"]
[Site "Chess.com INT"]
[Date "2023.02.21"]
[Round "4"]
[White "Tymrakiewicz, Rafal"]
[Black "Gascon del Nogal, Jose Rafael"]
[Result "0-1"]
[WhiteElo "2157"]
[BlackElo "2460"]
[PlyCount "86"]
[EventDate "2023.02.21"]
[EventType "swiss (blitz)"]
[EventRounds "11"]
[EventCountry "USA"]
[SourceTitle "CBM 212 Extra"]
[Source "ChessBase"]
[SourceDate "2023.03.31"]
[SourceVersion "1"]
[SourceVersionDate "2023.03.31"]
[SourceQuality "1"]

1. e4 c5 2. c3 Nf6 3. e5 Nd5 4. Nf3 Nc6 5. g3 d6 6. exd6 Qxd6 7. Bg2 Qe6+ 8. Qe2 Qxe2+ 9. Kxe2 Bg4 10. h3 Bh5 11. d3 0-0-0 12. Nbd2 e5 13. Re1 f6 14. Ne4 Be7 15. g4 Bf7 16. Bd2 g5 17. Rad1 h5 18. Ng3 hxg4 19. hxg4 Bf8 20. Rh1 Rxh1 21. Rxh1 Bg6 22. Ne4 b6 23. Rh8 Bg7 24. Rxd8+ Kxd8 25. Nh2 Nde7 26. Nf1 Bf7 27. b3 Be6 28. Bf3 a5 29. Nfg3 Kd7 30. Nh5 Bh8 31. Nhxf6+ Kc7 32. Nh7 a4 33. bxa4 Bxa2 34. Nhxg5 Bb3 35. Nh7 Bxa4 36. Nhf6 Bb3 37. Be3 Bf7 38. c4 Bg6 39. g5 Nf5 40. Bh5 Nfd4+ 41. Bxd4 Nxd4+ 42. Ke3 Bf5 43. Ng4 Ne6 0-1

[Event "Titled Tuesday intern op 21st Feb Late"]
[Site "Chess.com INT"]
[Date "2023.02.21"]
[Round "6"]
[White "Zochowski, Kacper"]
[Black "Gascon del Nogal, Jose Rafael"]
[Result "1-0"]
[WhiteElo "2262"]
[BlackElo "2460"]
[PlyCount "53"]
[EventDate "2023.02.21"]
[EventType "swiss (blitz)"]
[EventRounds "11"]
[EventCountry "USA"]
[SourceTitle "CBM 212 Extra"]
[Source "ChessBase"]
[SourceDate "2023.03.31"]
[SourceVersion "1"]
[SourceVersionDate "2023.03.31"]
[SourceQuality "1"]

1. Nf3 d5 2. c4 e6 3. g3 Nf6 4. Bg2 Bd6 5. 0-0 0-0 6. b3 dxc4 7. bxc4 e5 8. Bb2 Re8 9. Nc3 c6 10. d3 Na6 11. Ng5 Nc5 12. Nge4 Nfxe4 13. Nxe4 Nxe4 14. Bxe4 Bh3 15. Bg2 Qd7 16. Rb1 Re7 17. Qc1 Qg4 18. Ba3 Rd8 19. Bxd6 Rxd6 20. Qa3 Red7 21. Rxb7 h5 22. Qxa7 h4 23. Rb8+ Kh7 24. Bxh3 Qxh3 25. Qa8 e4 26. Rh8+ Kg6 27. Rxh4 1-0